| 000 | 00447nam a2200169Ia 4500 | ||
|---|---|---|---|
| 008 | 230917s9999||||xx |||||||||||||| ||und|| | ||
| 020 | _cRS295 | ||
| 040 |
_e208433 _aMAIN |
||
| 041 | _aEnglish | ||
| 082 | _a658.4 G959B | ||
| 100 | _aGupta, R N | ||
| 245 | 0 | _aBusiness organisation and management | |
| 260 |
_aNew Delhi _bTaxmann Publications _c2013 |
||
| 300 | _a445 p. | ||
| 500 | _a2545 01/08/2013 5452 05/08/2013 Main Budget | ||
| 942 | _cBK | ||
| 999 |
_c20666 _d20666 |
||